000 00979cam a2200277 a 4500
001 000001362
005 20200929145544.0
008 750130s1965 xx 000 0 eng
040 _aDO-SdBNP
_bspa
_cBNPHU
082 _a813.54
_bS438
245 0 0 _aSea Jade. Kennedy without tears. If morning ever comes. The ziegfelds' girl. A vanishing america /
_cPhyllis A. Whitney, Tom Wicker, Anne Tyler, Patricia Ziegfeld, Thomas C. Wheeler.
246 1 1 _aSea jade
246 1 1 _aKennedy without tears
246 1 1 _aIf morning ever comes
246 1 1 _aThe ziegfelds' girl
246 1 1 _aA vanishing america
260 _aNew York :
_bNelson Doubleday,
_c1965.
300 _a445 p. ;
_c21 cm.
650 4 _aNovela estadounidense
_9262
650 4 _aLiteratura estadounidense
_9263
700 1 _aWhitney, Phyllis A.,
_d1903-2008.
_94563
700 1 _aWicker, Tom,
_94564
700 1 _aTyler, Anne,
_94565
700 1 _aZiegfeld, Patricia,
_94566
700 1 _aWheeler, Thomas C.,
_94567
999 _c1288
_d1288